00970nam a2200241Ia 450000100060000000300090000600800410001504000130005604000130006904100130008210000200009510000290011524500540014424500530019825000110025126000110026226000280027326000490030130000430035050002700039365000340066365000310069760467IT-RoPAU130308s9999 xx 000 0 und d aIT-RoPAU cIT-RoPAU aITALIANO aZiella Giovanni gCodice Aut. SPICS: 4860 aComunità di religione e impresa di informazione bComunita' di Religione e impresa di Informazione a1a ed. aTORINO bUniversita' Degli Studi c1979 [1° Ed.:1979 - Ed.Ling.Originale:1979] a"515 p. (prefazione: no ; testo: 515)" aTesi di Laurea Editoria e religiosi Panorama Storico principali fasi Storiche della Società San Paolo religiosi e Attività Apostolica Comunità Religiosa Ideologia Cultura e Metodi della Società San Paolo Attività della Società San Paolo guardando Avanti aAUTORI/OPERE FAMIGLIA PAOLINA eCodice materia Spics: 9903